000 00537nam a22001457a 4500
999 _c4252
_d234756
022 _a18501729
080 _a347.1+ 347.7 T 24
245 _aTemas del Proyecto de Codigo Civil y Comercial de la Nacion
260 _aLomas de Zamora
_bFacultad de Derecho. Universidad Nacional de Lomas de Zamora
_c2012
300 _a132 P.
310 _amensual
650 _2IEDCYT
_acodigo civil y comercial
_xderecho a la imagen
_xbioetica
_xcaja de seguridad
_xsociedades
_xmedios electronicos
_xsucesiones
945 _acd
_d2016-03-02